[Event "Tata Steel India Blitz"]
[Site "Kolkata IND"]
[Date "2018.11.13"]
[Round "9.4"]
[White "Mamedyarov, Shakhriyar"]
[Black "Ganguly, Surya Shekhar"]
[Result "0-1"]
[WhiteTitle "GM"]
[BlackTitle "GM"]
[WhiteElo "2817"]
[BlackElo "2615"]
[WhiteFideId "13401319"]
[BlackFideId "5002150"]
[EventDate "2018.11.13"]

1. c4 Nf6 2. g3 g6 3. Bg2 Bg7 4. d4 O-O 5. Nc3 d6 6. Nf3 Nbd7 7. O-O e5 8. Qc2
Re8 9. Rd1 Qe7 10. b3 c6 11. e4 exd4 12. Nxd4 h5 13. Bg5 Nf8 14. Qd2 N8h7 15.
Bh6 Bg4 16. Re1 Bh8 17. h3 Bd7 18. Rad1 Rad8 19. Nf5 Bxf5 20. exf5 Qd7 21. Rxe8+
Qxe8 22. Qc2 Bg7 23. Bf4 Bf8 24. fxg6 fxg6 25. Ne4 Nxe4 26. Bxe4 Kg7 27. b4 Nf6
28. Bg2 Qf7 29. b5 d5 30. bxc6 bxc6 31. cxd5 cxd5 32. Be5 Kh7 33. Qc6 Bg7 34.
Bd4 Ne4 35. Be3 Nc3 36. Re1 Re8 37. Bd2 Re2 38. Rxe2 Nxe2+ 39. Kf1 Nxg3+ 40. Kg1
Bd4 41. Be3 Ne2+ 42. Kh2 Bxe3 43. fxe3 Qf2 0-1

[Event "Tata Steel India Blitz"]
[Site "Kolkata IND"]
[Date "2018.11.13"]
[Round "9.5"]
[White "Karjakin, Sergey"]
[Black "So, Wesley"]
[Result "0-1"]
[WhiteTitle "GM"]
[BlackTitle "GM"]
[WhiteElo "2753"]
[BlackElo "2765"]
[WhiteFideId "14109603"]
[BlackFideId "5202213"]
[EventDate "2018.11.13"]

1. e4 e5 2. Nf3 Nc6 3. Bb5 a6 4. Ba4 Nf6 5. O-O Be7 6. Re1 b5 7. Bb3 O-O 8. a4
b4 9. d3 d6 10. Nbd2 Na5 11. Ba2 c5 12. c3 Rb8 13. Nc4 Nc6 14. h3 Be6 15. Ng5
Bd7 16. f4 h6 17. Nf3 exf4 18. Bxf4 Be6 19. Ne3 bxc3 20. bxc3 Rb2 21. Bd5 Qd7
22. a5 Rb5 23. Bh2 Qc7 24. Bxe6 fxe6 25. Nc4 Nd7 26. Qa4 Nde5 27. Nfxe5 dxe5 28.
Bg3 Qd7 29. Qc2 Bd6 30. Rf1 Rxf1+ 31. Rxf1 Bc7 32. Qf2 Qe8 33. Qf3 Rb3 34. Qd1
Rb7 35. Qg4 Nxa5 36. Nxe5 Bxe5 37. Bxe5 Qd7 38. Bxg7 Qxg7 39. Qxe6+ Kh7 40. Rf6
Qg5 41. Qxa6 Rb1+ 42. Kh2 Qe5+ 43. g3 Rb2+ 44. Kh1 Rb1+ 45. Kg2 Rb2+ 46. Kh1 Qh5 0-1